Một số làng nghề Hà Nội

Giới thiệu đặc trưng một số làng nghề Hà Nội của vùng Kẻ Gối xưa, nay gồm: làng nghề Triều Khúc, làng nghề Xuân Đỉnh, làng nghề kim hoàn Địn Công, làng nghề Lủ với truyền thống làm gốm và làm kẹo, làng nghề Đại Mỗ......

ver descrição completa

Na minha lista:
Detalhes bibliográficos
Autor Corporativo: Hội văn nghệ dân gian Việt Nam
Formato: Livro
Idioma:Undetermined
Publicado em: Hà Nội Văn hóa Thông tin 2014
Assuntos:
Tags: Adicionar Tag
Sem tags, seja o primeiro a adicionar uma tag!
Thư viện lưu trữ: Trung tâm Học liệu Trường Đại học Cần Thơ
LEADER 00986nam a2200205Ia 4500
001 CTU_190940
008 210402s9999 xx 000 0 und d
082 |a 680.0959731 
082 |b H452 
110 |a Hội văn nghệ dân gian Việt Nam 
245 0 |a Một số làng nghề Hà Nội 
245 0 |c Trần Việt Ngữ. ...[et al.] 
260 |a Hà Nội 
260 |b Văn hóa Thông tin 
260 |c 2014 
520 |a Giới thiệu đặc trưng một số làng nghề Hà Nội của vùng Kẻ Gối xưa, nay gồm: làng nghề Triều Khúc, làng nghề Xuân Đỉnh, làng nghề kim hoàn Địn Công, làng nghề Lủ với truyền thống làm gốm và làm kẹo, làng nghề Đại Mỗ... 
650 |a Handicraft industries,Nghề thủ công 
650 |z Vietnam,Việt Nam 
910 |a Hải 
980 |a Trung tâm Học liệu Trường Đại học Cần Thơ